[Event "Hradec Kralove Region-chT 0506"]
[Site "Czech Republic"]
[Date "2005.10.23"]
[Round "1.4"]
[White "Doudera, Lubomir"]
[Black "Machek, Ivo"]
[Result "1/2-1/2"]
[WhiteElo "1832"]
[BlackElo "2012"]
[PlyCount "49"]
[EventDate "2005.10.23"]
[EventType "team-tourn"]
[EventRounds "11"]
[EventCountry "CZE"]
[SourceTitle "EXT 2024"]
[Source "ChessBase"]
[SourceDate "2023.10.10"]
[SourceVersion "1"]
[SourceVersionDate "2023.10.10"]
[SourceQuality "1"]
[WhiteTeam "Lipa III"]
[BlackTeam "Lipa"]
[WhiteTeamCountry "CZE"]
[BlackTeamCountry "CZE"]

1. d4 d6 2. Nf3 g6 3. g3 Nf6 4. Bg2 Bg7 5. 0-0 0-0 6. c3 c6 7. Bf4 Qc7 8. Qc1 Re8 9. Rd1 Nbd7 10. Bh6 Bh8 11. Na3 Rb8 12. Qf4 Nh5 13. Qd2 Ndf6 14. Ng5 Ng4 15. Nf3 Nxh6 16. Qxh6 Bg7 17. Qd2 Nf6 18. Qf4 b5 19. Nc2 e5 20. dxe5 dxe5 21. Qd2 Ne4 22. Qe3 Nd6 23. Qc5 Bf8 24. Nb4 Bb7 25. Nd5 1/2-1/2

[Event "CZE-Cup01 sf bd01 email"]
[Site "Czech email"]
[Date "2003.??.??"]
[Round "?"]
[White "Doudera, Lubomir"]
[Black "Hurka, Jiri"]
[Result "0-1"]
[WhiteElo "2235"]
[BlackElo "1800"]
[PlyCount "148"]
[EventDate "2003.??.??"]
[EventType "tourn (corr)"]
[EventRounds "14"]
[EventCountry "CZE"]
[SourceTitle "Corr 2006"]
[Source "ChessBase"]
[SourceDate "2006.04.01"]
[SourceVersion "3"]
[SourceVersionDate "2006.04.01"]
[SourceQuality "1"]

1. e4 e5 2. Nf3 Nc6 3. Bc4 Bc5 4. c3 Nf6 5. d3 Bb6 6. 0-0 0-0 7. Bg5 d6 8. Nbd2 Bg4 9. h3 Bd7 10. b4 h6 11. Bh4 a6 12. a4 Qe7 13. Qe2 Nd8 14. a5 Ba7 15. Nh2 Ne6 16. Rfe1 Nf4 17. Qf3 Rfc8 18. Ndf1 Ng6 19. Bxf6 Qxf6 20. Qxf6 gxf6 21. Ng4 Kg7 22. Ng3 Nf4 23. Ne3 Rg8 24. Rad1 b5 25. axb6 Bxb6 26. Kh2 Kf8 27. Ra1 h5 28. Rxa6 Rxa6 29. Bxa6 h4 30. Ngf1 Kg7 31. Bc4 Ra8 32. Nd2 Ra3 33. Nb1 Ra1 34. d4 exd4 35. Nc2 Rxb1 36. Rxb1 dxc3 37. Ne3 Bd4 38. Rd1 Be5 39. Kh1 Be6 40. Bb5 f5 41. exf5 Bb3 42. Rc1 Bd5 43. f3 Bb3 44. Rb1 c2 45. Rc1 Bb2 46. Rxc2 Bxc2 47. Nxc2 Kf6 48. Kh2 Be5 49. Kg1 Kxf5 50. Bd7+ Kf6 51. Kf1 d5 52. Ne3 Bc3 53. Nf5 Bxb4 54. Nxh4 c5 55. g3 Nd3 56. Ke2 c4 57. Nf5 Bc5 58. f4 d4 59. h4 Nb4 60. h5 Nd5 61. Kf3 c3 62. h6 Kg6 63. Nh4+ Kxh6 64. Bf5 Ne3 65. Bd3 c2 66. Bxc2 Nxc2 67. Ke4 Ne1 68. Nf5+ Kh5 69. Kd5 Kg4 70. Nh6+ Kxg3 71. Nxf7 d3 72. Ng5 Kxf4 73. Ne4 Bb4 74. Kd4 d2 0-1

[Event "CZE-ch15 corr0102"]
[Site "Czechia"]
[Date "2001.??.??"]
[Round "?"]
[White "Boukal, Petr"]
[Black "Doudera, Lubomir"]
[Result "1/2-1/2"]
[WhiteElo "2450"]
[BlackElo "2240"]
[PlyCount "85"]
[EventDate "2001.??.??"]
[EventType "tourn (corr)"]
[EventRounds "22"]
[EventCountry "CZE"]
[SourceTitle "Corr 2004"]
[Source "ChessBase"]
[SourceDate "2003.04.28"]
[SourceVersion "3"]
[SourceVersionDate "2003.04.28"]
[SourceQuality "1"]

1. e4 d5 2. exd5 Qxd5 3. Nc3 Qa5 4. d4 Nf6 5. Nf3 Bg4 6. h3 Bh5 7. g4 Bg6 8. Ne5 e6 9. Bg2 c6 10. h4 Be4 11. Bxe4 Nxe4 12. Qf3 Nd6 13. Bf4 f6 14. Nd3 Nb5 15. 0-0 Nxd4 16. Qe4 Qd8 17. Rad1 Be7 18. Be3 e5 19. Nc1 c5 20. Nd5 Nd7 21. c3 Nc6 22. Rd2 Qc8 23. Nxe7 Nxe7 24. Rfd1 Nb6 25. Nb3 h5 26. g5 Qg4+ 27. Qxg4 hxg4 28. Nxc5 Nf5 29. Nxb7 Nxh4 30. Nd6+ Ke7 31. Kf1 Nf3 32. Rd3 Rh1+ 33. Ke2 Rxd1 34. Rxd1 Na4 35. Bc1 Rg8 36. gxf6+ gxf6 37. Nc4 f5 38. Ne3 Ke6 39. Rh1 Rd8 40. Rh6+ Kf7 41. Nxf5 Ng1+ 42. Ke1 Nf3+ 43. Ke2 1/2-1/2

[Event "CZE-ch15 corr0102"]
[Site "Czechia"]
[Date "2001.??.??"]
[Round "?"]
[White "Doudera, Lubomir"]
[Black "Hybl, Jaroslav"]
[Result "1/2-1/2"]
[WhiteElo "2240"]
[BlackElo "2420"]
[PlyCount "44"]
[EventDate "2001.??.??"]
[EventType "tourn (corr)"]
[EventRounds "22"]
[EventCountry "CZE"]
[SourceTitle "Corr 2004"]
[Source "ChessBase"]
[SourceDate "2003.04.28"]
[SourceVersion "3"]
[SourceVersionDate "2003.04.28"]
[SourceQuality "1"]

1. e4 c5 2. c3 Nf6 3. e5 Nd5 4. d4 cxd4 5. Nf3 Nc6 6. Bc4 Nb6 7. Bb3 d5 8. exd6 Qxd6 9. 0-0 Be6 10. Na3 dxc3 11. Qe2 Bxb3 12. Nb5 Qb8 13. axb3 e5 14. bxc3 Be7 15. Bg5 f6 16. Be3 Nc8 17. Nh4 0-0 18. Nf5 a6 19. Qg4 g6 20. Nxe7+ N6xe7 21. Qc4+ Rf7 22. Nc7 Nd6 1/2-1/2

[Event "CZE-ch15 corr0102"]
[Site "Czechia"]
[Date "2001.??.??"]
[Round "?"]
[White "Doudera, Lubomir"]
[Black "Rybak, Milan"]
[Result "1-0"]
[WhiteElo "2240"]
[BlackElo "2410"]
[PlyCount "97"]
[EventDate "2001.??.??"]
[EventType "tourn (corr)"]
[EventRounds "22"]
[EventCountry "CZE"]
[SourceTitle "Corr 2004"]
[Source "ChessBase"]
[SourceDate "2003.04.28"]
[SourceVersion "3"]
[SourceVersionDate "2003.04.28"]
[SourceQuality "1"]

1. e4 e5 2. Nf3 Nc6 3. Bc4 Nf6 4. Ng5 Bc5 5. Bxf7+ Ke7 6. Bd5 Rf8 7. 0-0 Qe8 8. c3 d6 9. d4 Bb6 10. Be3 Qg6 11. Bxc6 bxc6 12. Nd2 Ng4 13. Ngf3 h6 14. Qe2 a5 15. dxe5 Ba6 16. c4 Nxe3 17. fxe3 Kd7 18. Qd3 Rae8 19. exd6 Qxd6 20. Qc3 Kc8 21. Nd4 Qe5 22. Rxf8 Rxf8 23. Rc1 Bc5 24. Qxa5 Bxd4 25. Qxa6+ Kd7 26. Qa3 Bxb2 27. Qxf8 Bxc1 28. Nf1 Qa1 29. Qf5+ Kd8 30. Qc5 Bb2 31. Qxc6 Qxa2 32. Ng3 Bf6 33. Nf5 Qe2 34. Qd5+ Kc8 35. h3 Qe1+ 36. Kh2 Qc3 37. h4 Kb8 38. h5 Be5+ 39. Kh3 Bf6 40. c5 Ka7 41. Qc6 Kb8 42. Qb5+ Ka7 43. c6 Qb2 44. Qxb2 Bxb2 45. Nd4 Kb6 46. Kg4 Bc1 47. Kf4 Bb2 48. Ke5 Kc5 49. Ke6 1-0

[Event "CZE-ch15 corr0102"]
[Site "Czechia"]
[Date "2001.??.??"]
[Round "?"]
[White "Kostal, Jindrich"]
[Black "Doudera, Lubomir"]
[Result "1-0"]
[WhiteElo "2305"]
[BlackElo "2240"]
[PlyCount "87"]
[EventDate "2001.??.??"]
[EventType "tourn (corr)"]
[EventRounds "22"]
[EventCountry "CZE"]
[SourceTitle "Corr 2004"]
[Source "ChessBase"]
[SourceDate "2003.04.28"]
[SourceVersion "3"]
[SourceVersionDate "2003.04.28"]
[SourceQuality "1"]

1. e4 d5 2. exd5 Qxd5 3. Nc3 Qa5 4. d4 Nf6 5. Nf3 Bg4 6. h3 Bh5 7. g4 Bg6 8. Ne5 e6 9. Bg2 c6 10. h4 Be4 11. Bxe4 Nxe4 12. Qf3 Nd6 13. Bd2 f6 14. Nd3 Nd7 15. 0-0-0 0-0-0 16. Qe2 Re8 17. Kb1 Nc4 18. h5 Qb6 19. Be3 Bb4 20. Ne4 Ba3 21. Bc1 f5 22. Nd2 Nxd2+ 23. Bxd2 e5 24. dxe5 Nxe5 25. Bc3 Nxg4 26. Qd2 Bf8 27. Qf4 Nh6 28. Ne5 Rg8 29. Rhe1 Qc7 30. Rd7 Qxd7 31. Nxd7 Rxe1+ 32. Bxe1 Kxd7 33. Qb8 b5 34. Qb7+ Kd6 35. Bd2 g5 36. Qc8 Kd5 37. Qd7+ Bd6 38. b3 Ke5 39. c4 bxc4 40. Bc3+ Kd5 41. bxc4+ Kxc4 42. Qxc6+ Kd3 43. Bb2 Ke2 44. Qxd6 1-0

[Event "CZE-ch15 corr0102"]
[Site "Czechia"]
[Date "2001.??.??"]
[Round "?"]
[White "Svoboda, Frantisek"]
[Black "Doudera, Lubomir"]
[Result "1/2-1/2"]
[WhiteElo "2420"]
[BlackElo "2240"]
[PlyCount "51"]
[EventDate "2001.??.??"]
[EventType "tourn (corr)"]
[EventRounds "22"]
[EventCountry "CZE"]
[SourceTitle "Corr 2004"]
[Source "ChessBase"]
[SourceDate "2003.04.28"]
[SourceVersion "3"]
[SourceVersionDate "2003.04.28"]
[SourceQuality "1"]

1. c4 Nf6 2. Nc3 e6 3. Nf3 Bb4 4. Qb3 c5 5. a3 Ba5 6. g3 Nc6 7. Bg2 0-0 8. 0-0 d5 9. d3 Bxc3 10. Qxc3 d4 11. Qc2 e5 12. Bd2 a5 13. b4 axb4 14. axb4 Rxa1 15. Rxa1 cxb4 16. Qb2 Qb6 17. Rb1 e4 18. dxe4 Nxe4 19. Bxb4 Re8 20. Bc3 Qxb2 21. Bxb2 Nc3 22. Bxc3 dxc3 23. Rc1 Rxe2 24. Rxc3 f6 25. Kf1 Ra2 26. h4 1/2-1/2